Different methodologies of landfill site remediation: an overview (Record no. 510126)
[ view plain ]
| 000 -LEADER | |
|---|---|
| fixed length control field | 00437nam a22001577a 4500 |
| 008 - FIXED-LENGTH DATA ELEMENTS--GENERAL INFORMATION | |
| fixed length control field | 190728b ||||| |||| 00| 0 eng d |
| 100 ## - MAIN ENTRY--PERSONAL NAME | |
| Personal name | Sharma, Ajoy |
| 245 ## - TITLE STATEMENT | |
| Title | Different methodologies of landfill site remediation: an overview |
| 260 ## - PUBLICATION, DISTRIBUTION, ETC. (IMPRINT) | |
| Date of publication, distribution, etc | 2019 |
| 300 ## - PHYSICAL DESCRIPTION | |
| Extent | p.1-12. |
| 650 ## - SUBJECT ADDED ENTRY--TOPICAL TERM | |
| Topical term or geographic name as entry element | Waste, utilization of |
| 9 (RLIN) | 7475 |
| 700 ## - ADDED ENTRY--PERSONAL NAME | |
| Personal name | Khan, Debishree |
| 9 (RLIN) | 7476 |
| 773 ## - HOST ITEM ENTRY | |
| Main entry heading | Man and Development |
| 906 ## - LOCAL DATA ELEMENT F, LDF (RLIN) | |
| Subject DIP | Solid waste |
| 942 ## - ADDED ENTRY ELEMENTS (KOHA) | |
| Item type | Articles |
| Withdrawn status | Lost status | Source of classification or shelving scheme | Damaged status | Not for loan | Permanent location | Current location | Date acquired | Serial Enumeration / chronology | Barcode | Date last seen | Koha item type |
|---|---|---|---|---|---|---|---|---|---|---|---|
| Indian Institute of Public Administration | Indian Institute of Public Administration | 2019-07-28 | 41(1), Mar, 2019: p.1-12. | AR120111 | 2019-07-28 | Articles |
